000 00728nam a2200241Ia 4500
003 OSt
005 20221006165232.0
006 a|||||r|||| 00| 0
007 ta
008 221006b |||||||| |||| 00| 0 hin d
024 _a7,654
037 _cTheseses
040 _aFML
_cFML
_bhin
041 _2hin
_ahin
100 _aShailesh Kumar Au.
_9679383
110 _aDelhi University Delhi. Faculty of Music and Fine Arts. Department of Music
245 0 _aBasant Ritukaleen Raagon Ka Vishleshanatmak Aadhyayan
260 _c2002
300 _a212
_ccm.
700 _aDelhi University Delhi. Faculty of Music and Fine Arts. Department of Music
942 _cDIS
_2CC
999 _c1120094
_d1120094